[Event "Quebec-ch U18"]
[Site "Montreal CAN"]
[Date "2018.01.14"]
[Round "5"]
[White "Li, Yi Lin"]
[Black "Saine, Zachary"]
[Result "1-0"]
[WhiteElo "1952"]
[BlackElo "1999"]
[PlyCount "135"]
[EventDate "2018.01.12"]
[EventType "tourn"]
[EventRounds "6"]
[EventCountry "CAN"]

1. e4 e5 2. Nf3 Nc6 3. Bb5 Nf6 4. O-O Nxe4 5. Re1 Nd6 6. Bxc6 dxc6 7. Nxe5 Be7
8. d3 Be6 9. Nc3 O-O 10. Bf4 Bf6 11. a3 a5 12. Na4 Nf5 13. Nc5 Bc8 14. Ne4 Bxe5
15. Bxe5 f6 16. Bf4 b6 17. Rc1 Be6 18. Nc5 Bf7 19. Ne6 Bxe6 20. Rxe6 Qd7 21.
Re4 Nd6 22. Bxd6 cxd6 23. Qe2 Rae8 24. Re1 Rxe4 25. Qxe4 d5 26. Qe7 Qxe7 27.
Rxe7 Rf7 28. Re8+ Rf8 29. Re7 Rf7 30. Re8+ Rf8 31. Re6 Rc8 32. Re7 Rb8 33. Rd7
Rc8 34. Kf1 h6 35. Ke2 Re8+ 36. Kd2 Re6 37. a4 Kh7 38. f3 Kg6 39. d4 f5 40. Rb7
c5 41. dxc5 bxc5 42. Rb5 Rc6 43. Rxa5 Kf6 44. b4 cxb4 45. Rxd5 Ra6 46. a5 Ke6
47. Rb5 Ra8 48. Kc1 h5 49. Kb2 g5 50. Kb3 g4 51. Kxb4 h4 52. f4 g3 53. hxg3
hxg3 54. Re5+ Kf6 55. Re3 Rb8+ 56. Ka3 Rc8 57. Kb3 Rb8+ 58. Ka4 Rc8 59. a6 Rc6
60. Kb5 Rxc2 61. Rxg3 Rb2+ 62. Ka4 Rb6 63. Ka5 Rb2 64. Ra3 Rxg2 65. a7 Rg8 66.
Ka6 Ke6 67. Kb6 Kd5 68. a8=Q+ 1-0

[Event "Quebec-ch U18"]
[Site "Montreal CAN"]
[Date "2018.01.14"]
[Round "6"]
[White "Saine, Zachary"]
[Black "Li, Yi Lin"]
[Result "1-0"]
[WhiteElo "1999"]
[BlackElo "1952"]
[PlyCount "58"]
[EventDate "2018.01.12"]
[EventType "tourn"]
[EventRounds "6"]
[EventCountry "CAN"]

1. e4 c5 2. Nf3 d6 3. d4 cxd4 4. Nxd4 Nf6 5. Nc3 a6 6. f3 e6 7. Be3 Be7 8. Qd2
b5 9. a3 Bb7 10. Be2 Nbd7 11. O-O-O d5 12. exd5 Nxd5 13. Nxd5 Bxd5 14. Nf5 O-O
15. Kb1 Nf6 16. Nxe7+ Qxe7 17. Bg5 Rfc8 18. Rhe1 Rab8 19. Bd3 Bc4 20. Re3 Rd8
21. f4 Rd5 22. Rg3 Kf8 23. Qc3 Rbd8 24. b4 h6 25. Bh4 Rh5 26. Rg4 Rxh4 27. Rxh4
Ne4 28. Qe1 Nc3+ 29. Qxc3 Qxh4 1-0

[Event "Quebec-ch U20 inv."]
[Site "Montreal CAN"]
[Date "2018.04.20"]
[Round "1"]
[White "Huang, Qiuyu"]
[Black "Yu, Zong Yang"]
[Result "1-0"]
[WhiteElo "2249"]
[BlackElo "2522"]
[PlyCount "55"]
[EventDate "2018.04.20"]
[EventType "tourn"]
[EventRounds "5"]
[EventCountry "CAN"]

1. e4 c6 2. d4 d5 3. exd5 cxd5 4. Bd3 Nc6 5. c3 Nf6 6. Bf4 Bg4 7. Qb3 Qd7 8.
Nd2 e6 9. Ngf3 Bxf3 10. Nxf3 Bd6 11. Be5 Bxe5 12. Nxe5 Qc7 13. f4 O-O 14. O-O
Ne8 15. Rae1 Nd6 16. f5 exf5 17. Qxd5 g6 18. Re2 Rfd8 19. Qb3 Re8 20. Rfe1 Rac8
21. Nxf7 Rxe2 22. Nxd6+ Kh8 23. Rxe2 Qxd6 24. Qxb7 Rc7 25. Qa6 Kg7 26. Bb5 Qf4
27. Bxc6 Qc1+ 28. Kf2 1-0

[Event "Quebec-ch U20 inv."]
[Site "Montreal CAN"]
[Date "2018.04.21"]
[Round "2"]
[White "Ouellet, Maili-Jade"]
[Black "Huang, Qiuyu"]
[Result "1-0"]
[WhiteElo "2314"]
[BlackElo "2249"]
[PlyCount "97"]
[EventDate "2018.04.20"]
[EventType "tourn"]
[EventRounds "5"]
[EventCountry "CAN"]

1. d4 d5 2. c4 e6 3. Nc3 Nf6 4. cxd5 exd5 5. Bg5 c6 6. Qc2 Be7 7. e3 Nbd7 8.
Bd3 h6 9. Bh4 Nh5 10. Bxe7 Qxe7 11. Nge2 Nb6 12. O-O-O Be6 13. Kb1 O-O-O 14.
Nc1 g6 15. Nb3 Ng7 16. f3 Kb8 17. Rhe1 h5 18. Ka1 Qg5 19. Rc1 h4 20. a4 Nc4 21.
Nc5 b6 22. Nxe6 Nxe6 23. Bxc4 dxc4 24. Ne4 Qd5 25. Qxc4 Qxc4 26. Rxc4 c5 27.
dxc5 bxc5 28. Kb1 Rd5 29. Rec1 Rd3 30. R1c3 Rxc3 31. Rxc3 Rc8 32. Rc4 f5 33.
Nf2 Rh8 34. Nd3 h3 35. g3 Ng5 36. Ne5 Re8 37. Rxc5 a6 38. Kc2 Ne6 39. Rc3 Ng5
40. Nc6+ Kb7 41. Nd4 Nh7 42. Kd2 Nf6 43. Rd3 Nh5 44. Ne2 Kc6 45. Rd4 g5 46. b4
f4 47. gxf4 gxf4 48. Nxf4 Nxf4 49. Rxf4 1-0

[Event "Quebec-ch U20 inv."]
[Site "Montreal CAN"]
[Date "2018.04.21"]
[Round "2"]
[White "Yu, Zong Yang"]
[Black "Tanaka, Tyler"]
[Result "1/2-1/2"]
[WhiteElo "2522"]
[BlackElo "2145"]
[PlyCount "107"]
[EventDate "2018.04.20"]
[EventType "tourn"]
[EventRounds "5"]
[EventCountry "CAN"]

1. d4 Nf6 2. c4 g6 3. Nc3 Bg7 4. Nf3 O-O 5. Bf4 d6 6. e3 Nbd7 7. Be2 c6 8. h3
Qa5 9. O-O a6 10. a3 c5 11. Bh2 cxd4 12. exd4 Qd8 13. Re1 b6 14. Bf1 Bb7 15. d5
Rc8 16. Bf4 b5 17. cxb5 axb5 18. Bxb5 Nb6 19. Qd2 Nbxd5 20. Nxd5 Bxd5 21. Qe3
Bc4 22. Bxc4 Rxc4 23. Bg5 Re4 24. Qd3 Rxe1+ 25. Rxe1 d5 26. b4 Ne4 27. Be3 Qa8
28. Bd4 Bxd4 29. Qxd4 Qxa3 30. Qxd5 Nf6 31. Qd4 Re8 32. b5 Rb8 33. Rb1 Qa2 34.
Rb2 Qd5 35. Qa4 e6 36. Qf4 Qd1+ 37. Kh2 Qd8 38. Ne5 Rb7 39. Nc4 Nd5 40. Qe5 Qb8
41. Qxb8+ Rxb8 42. Kg3 Kf8 43. Rb3 Ke7 44. Kf3 Rb7 45. Ke4 Rxb5 46. Rxb5 Nc3+
47. Ke5 Nxb5 48. g4 f6+ 49. Kf4 e5+ 50. Ke3 Ke6 51. f4 Nd6 52. Nd2 exf4+ 53.
Kxf4 Nf7 54. Nf3 1/2-1/2

[Event "Quebec-ch U20 inv."]
[Site "Montreal CAN"]
[Date "2018.04.21"]
[Round "3"]
[White "Tanaka, Tyler"]
[Black "Ouellet, Maili-Jade"]
[Result "0-1"]
[WhiteElo "2145"]
[BlackElo "2314"]
[PlyCount "96"]
[EventDate "2018.04.20"]
[EventType "tourn"]
[EventRounds "5"]
[EventCountry "CAN"]

1. e4 c5 2. Nf3 e6 3. d4 cxd4 4. Nxd4 a6 5. c4 Nf6 6. Nc3 Qc7 7. a3 b6 8. Be2
Bb7 9. f3 d6 10. Be3 Nbd7 11. Qd2 Be7 12. b4 Rc8 13. Rc1 Qb8 14. Nb3 h5 15. O-O
O-O 16. Rfd1 Bc6 17. Nd4 Bb7 18. Nb3 Bd8 19. Kh1 Bc7 20. Bf4 Ne8 21. Bf1 Ndf6
22. Na4 Bc6 23. Nc3 Qa8 24. Qf2 Nd7 25. Qd2 Bb7 26. Be3 Qb8 27. Bf4 Rd8 28. Qf2
Ne5 29. Bxe5 dxe5 30. c5 b5 31. Rxd8 Bxd8 32. Qd2 Bc6 33. Rd1 Bc7 34. Na5 Bxa5
35. bxa5 Qa7 36. Rc1 Qc7 37. Na2 f5 38. exf5 e4 39. fxe4 Bxe4 40. fxe6 Qxc5 41.
Qe2 Qxa3 42. Rc3 Qxa2 43. e7 Rxf1+ 44. Qxf1 Bxg2+ 45. Qxg2 Qa1+ 46. Qg1 Qxc3
47. Qd1 Qc6+ 48. Kg1 Qc5+ 0-1

[Event "Quebec-ch U20 inv."]
[Site "Montreal CAN"]
[Date "2018.04.22"]
[Round "4"]
[White "Huang, Qiuyu"]
[Black "Tanaka, Tyler"]
[Result "1/2-1/2"]
[WhiteElo "2249"]
[BlackElo "2145"]
[PlyCount "59"]
[EventDate "2018.04.20"]
[EventType "tourn"]
[EventRounds "5"]
[EventCountry "CAN"]

1. e4 c5 2. Nf3 d6 3. d4 Nf6 4. Nc3 cxd4 5. Nxd4 g6 6. Bc4 Bg7 7. h3 O-O 8. Bb3
Nc6 9. Be3 Bd7 10. O-O Nxd4 11. Bxd4 Bc6 12. Qd3 Nd7 13. Bxg7 Kxg7 14. Nd5 Nc5
15. Qc3+ e5 16. Rfe1 Nxb3 17. Qxb3 Bxd5 18. Qxd5 Qb6 19. b3 Qc6 20. Qd2 b5 21.
Rac1 Rac8 22. c4 bxc4 23. Rxc4 Qa6 24. Ra4 Qb6 25. Rd1 Rfd8 26. Qa5 Qc6 27. Rc4
Qb7 28. Ra4 Qc6 29. Qd5 Qb6 30. Qa5 1/2-1/2

[Event "Quebec-ch U20 inv."]
[Site "Montreal CAN"]
[Date "2018.04.22"]
[Round "5"]
[White "Yu, Zong Yang"]
[Black "Ouellet, Maili-Jade"]
[Result "1/2-1/2"]
[WhiteElo "2522"]
[BlackElo "2314"]
[PlyCount "71"]
[EventDate "2018.04.20"]
[EventType "tourn"]
[EventRounds "5"]
[EventCountry "CAN"]

1. d4 d5 2. c4 e6 3. Nf3 Nf6 4. g3 Be7 5. Bg2 O-O 6. O-O dxc4 7. Qc2 a6 8. a4
Bd7 9. Qxc4 Bc6 10. Bg5 Bd5 11. Qc2 Be4 12. Qd1 Nbd7 13. Nc3 Bc6 14. Qc2 h6 15.
Bxf6 Nxf6 16. Rfd1 Bb4 17. Ne5 Bxg2 18. Kxg2 Qe7 19. Ne4 Nd5 20. a5 Bd6 21. Nc4
Bb4 22. Qb3 Rab8 23. Rdc1 Rfd8 24. e3 Qe8 25. Ne5 Bd6 26. Nxd6 cxd6 27. Nc4 Qc6
28. Kg1 Rbc8 29. Qa3 Ne7 30. b3 Qd5 31. Nb6 Rxc1+ 32. Rxc1 Qf3 33. Rc7 Nf5 34.
Qc1 h5 35. Qf1 h4 36. Qg2 1/2-1/2

[Event "RA CC-ch"]
[Site "Ottawa CAN"]
[Date "2018.02.22"]
[Round "6"]
[White "Upper, John"]
[Black "Dukic, Zachary"]
[Result "1-0"]
[WhiteElo "2112"]
[BlackElo "2243"]
[PlyCount "131"]
[EventDate "2018.02.15"]
[EventType "swiss"]
[EventRounds "7"]
[EventCountry "CAN"]

1. Nf3 Nf6 2. c4 g6 3. Nc3 Bg7 4. d4 O-O 5. e4 d6 6. Be2 e5 7. d5 a5 8. Bg5 h6
9. Bh4 Na6 10. Nd2 Qe8 11. O-O Bd7 12. Kh1 Nh7 13. g4 Bf6 14. Bg3 Qe7 15. a3
Bg5 16. Rb1 a4 17. b4 axb3 18. Nxb3 b6 19. a4 Nc5 20. Nxc5 bxc5 21. Bd3 Ra7 22.
Nb5 Bxb5 23. cxb5 Rfa8 24. Ra1 Ra5 25. f3 Bh4 26. Bc2 Nf8 27. Qd2 Kg7 28. Kg2
Nd7 29. Rfb1 Nb6 30. Ra2 R8a7 31. Rba1 Qd8 32. Kh3 Bxg3 33. hxg3 Qa8 34. Bd1
Qd8 35. Kg2 Ra8 36. Bb3 Qg5 37. Qxg5 hxg5 38. Kf2 Rh8 39. Kg2 Rha8 40. Kf2 Rf8
41. Bc2 f5 42. gxf5 gxf5 43. Rh1 fxe4 44. Bxe4 Rh8 45. Rxh8 Kxh8 46. Ra1 Rxa4
47. Rh1+ Kg8 48. Rh5 g4 49. Rg5+ Kf7 50. Rxg4 Nc4 51. Rh4 Ra2+ 52. Ke1 Rb2 53.
Rh7+ Kf6 54. Rxc7 Rxb5 55. Bd3 Rb4 56. Rd7 e4 57. Bxc4 Rxc4 58. f4 Kf5 59. Rxd6
Rc2 60. Re6 Rc4 61. Ke2 Rc2+ 62. Kd1 Rc4 63. Re5+ Kg4 64. Ke2 Rc2+ 65. Ke3 Rc3+
66. Kxe4 1-0

[Event "RA December op"]
[Site "Ottawa CAN"]
[Date "2018.12.07"]
[Round "1"]
[White "Dukic, Zachary"]
[Black "Donev, Danail"]
[Result "1-0"]
[WhiteElo "2331"]
[BlackElo "2007"]
[PlyCount "47"]
[EventDate "2018.12.07"]
[EventType "swiss"]
[EventRounds "5"]
[EventCountry "CAN"]

1. e4 c5 2. Nf3 d6 3. d4 cxd4 4. Nxd4 Nf6 5. Nc3 a6 6. Bg5 e6 7. f4 Qc7 8. Qe2
b5 9. e5 dxe5 10. fxe5 Bb4 11. O-O-O Bxc3 12. exf6 gxf6 13. Nf5 Be5 14. Bh4 Nc6
15. Ng7+ Kf8 16. Nh5 Bb7 17. Qd2 Rc8 18. Qh6+ Ke8 19. Bxf6 Nd4 20. c3 Bd5 21.
Rxd4 Bxd4 22. Bxd4 Rf8 23. Nf6+ Ke7 24. Qg5 1-0

[Event "RA December op"]
[Site "Ottawa CAN"]
[Date "2018.12.07"]
[Round "1"]
[White "Han, Jonathan"]
[Black "Demchenko, Svitlana"]
[Result "0-1"]
[WhiteElo "1892"]
[BlackElo "2329"]
[PlyCount "52"]
[EventDate "2018.12.07"]
[EventType "swiss"]
[EventRounds "5"]
[EventCountry "CAN"]

1. e4 c5 2. Nf3 e6 3. d4 cxd4 4. Nxd4 a6 5. Nc3 Qc7 6. Be3 Nf6 7. f3 Nc6 8. Qd2
Be7 9. O-O-O h5 10. Be2 b5 11. Nb3 Ne5 12. g3 Bb7 13. Rdg1 d5 14. exd5 Nxd5 15.
Bd4 Nxc3 16. Qxc3 Qxc3 17. Bxc3 Nxf3 18. Rd1 f6 19. Na5 Be4 20. a3 Rc8 21. Bd3
Bd5 22. Bb4 h4 23. g4 h3 24. Bf1 Nd4 25. Rxd4 Bxh1 26. a4 e5 0-1

[Event "RA December op"]
[Site "Ottawa CAN"]
[Date "2018.12.07"]
[Round "1"]
[White "Upper, John"]
[Black "Sambuev, Bator"]
[Result "0-1"]
[WhiteElo "2212"]
[BlackElo "2569"]
[PlyCount "58"]
[EventDate "2018.12.07"]
[EventType "swiss"]
[EventRounds "5"]
[EventCountry "CAN"]

1. c4 e5 2. Nc3 Nc6 3. e3 g6 4. Nf3 Bg7 5. d4 d6 6. dxe5 Nxe5 7. Nxe5 Bxe5 8.
Bd2 Ne7 9. Be2 O-O 10. O-O Nf5 11. Rc1 c6 12. b3 Re8 13. g3 h5 14. Bf3 h4 15.
Ne2 hxg3 16. hxg3 Ng7 17. Nf4 Ne6 18. Nxe6 Bxe6 19. Bc3 Qf6 20. Bxe5 dxe5 21.
Qe2 a5 22. Rfd1 Kg7 23. Bg4 Rh8 24. Kg2 Bxg4 25. Qxg4 Rh2+ 26. Kxh2 Qxf2+ 27.
Kh3 Rh8+ 28. Qh4 Rxh4+ 29. gxh4 Qxe3+ 0-1

[Event "RA December op"]
[Site "Ottawa CAN"]
[Date "2018.12.08"]
[Round "2"]
[White "Sadeghi, Saeid"]
[Black "Xu, Daniel"]
[Result "0-1"]
[WhiteElo "2134"]
[BlackElo "2088"]
[PlyCount "62"]
[EventDate "2018.12.07"]
[EventType "swiss"]
[EventRounds "5"]
[EventCountry "CAN"]

1. d4 Nf6 2. Bg5 Ne4 3. Bf4 c5 4. f3 Qa5+ 5. c3 Nf6 6. d5 Qb6 7. Bc1 e6 8. e4
exd5 9. exd5 Be7 10. Na3 d6 11. Bd3 O-O 12. c4 Qb4+ 13. Kf2 Nbd7 14. f4 a6 15.
Qc2 Re8 16. Nf3 Bf8 17. h3 g6 18. Bd2 Qb6 19. Bc3 Nxd5 20. Bxg6 fxg6 21. cxd5
Bg7 22. Nc4 Qc7 23. Bxg7 Kxg7 24. Qc3+ Nf6 25. g4 Kf7 26. Ng5+ Kg7 27. Rae1 Bd7
28. Ne4 Rxe4 29. Rxe4 Kf7 30. Re2 b5 31. Ne3 Ne4+ 0-1

[Event "RA December op"]
[Site "Ottawa CAN"]
[Date "2018.12.08"]
[Round "2"]
[White "Sambuev, Bator"]
[Black "Dukic, Zachary"]
[Result "1-0"]
[WhiteElo "2569"]
[BlackElo "2331"]
[PlyCount "41"]
[EventDate "2018.12.07"]
[EventType "swiss"]
[EventRounds "5"]
[EventCountry "CAN"]

1. d4 Nf6 2. g3 c5 3. c3 g6 4. Bg2 Bg7 5. e4 O-O 6. Ne2 d6 7. O-O Nc6 8. h3 Qc7
9. Be3 Nd7 10. Na3 a6 11. Qd2 b5 12. Nc2 Bb7 13. Bh6 Na5 14. Bxg7 Kxg7 15. b3
Nf6 16. d5 e6 17. g4 exd5 18. exd5 Rae8 19. Ng3 Re5 20. Ne3 Qe7 21. Rae1 1-0

[Event "RA December op"]
[Site "Ottawa CAN"]
[Date "2018.12.08"]
[Round "2"]
[White "Yao, Houji"]
[Black "Han, Jonathan"]
[Result "1-0"]
[WhiteElo "2159"]
[BlackElo "1892"]
[PlyCount "129"]
[EventDate "2018.12.07"]
[EventType "swiss"]
[EventRounds "5"]
[EventCountry "CAN"]

1. e4 c5 2. Nf3 d6 3. d4 cxd4 4. Nxd4 Nf6 5. Nc3 a6 6. Be3 e6 7. f3 Be7 8. g4
b5 9. Qd2 Bb7 10. O-O-O Nc6 11. g5 Nd7 12. h4 Rc8 13. Kb1 Qc7 14. Bh3 Nxd4 15.
Bxd4 Ne5 16. Qf2 O-O 17. f4 Nc4 18. Rhe1 e5 19. Bxc8 Rxc8 20. Nd5 Bxd5 21. exd5
exd4 22. Qxd4 Bf8 23. h5 Qd7 24. c3 Qf5+ 25. Qe4 Qg4 26. h6 Qh5 27. b3 Nb6 28.
Qd4 Rc5 29. Re8 Qg6+ 30. Kb2 a5 31. f5 Qxg5 32. hxg7 Qg2+ 33. Ka1 Qxg7 34. Rg1
f6 35. Rxg7+ Kxg7 36. Qg4+ Kf7 37. Qh5+ Kg7 38. Qg4+ Kf7 39. Rb8 Nxd5 40. Qe4
Ne7 41. Qe6+ Kg7 42. Qxd6 Rxf5 43. Qd8 Ng6 44. Rb7+ Kh6 45. Qd3 Rg5 46. Qh3+
Rh5 47. Qe3+ Rg5 48. Qh3+ Rh5 49. Qe3+ Rg5 50. Rxb5 Ne5 51. Rxa5 Kg6 52. Qe4+
Kh6 53. Ra7 Bg7 54. a4 Ng6 55. Qe3 Ne5 56. a5 Ng4 57. Qf4 Ne5 58. a6 Kg6 59.
Qe4+ Kh6 60. Qh1+ Kg6 61. Rxg7+ Kxg7 62. a7 Nc6 63. a8=Q Ra5+ 64. Qxa5 Nxa5 65.
Qd5 1-0

[Event "RA December op"]
[Site "Ottawa CAN"]
[Date "2018.12.08"]
[Round "3"]
[White "Gordon, David"]
[Black "Yang, Fan"]
[Result "1-0"]
[WhiteElo "2310"]
[BlackElo "2134"]
[PlyCount "91"]
[EventDate "2018.12.07"]
[EventType "swiss"]
[EventRounds "5"]
[EventCountry "CAN"]

1. d4 d5 2. Bf4 Nf6 3. e3 e6 4. Nf3 b6 5. Bd3 Bb7 6. O-O Bd6 7. Ne5 O-O 8. Qf3
Ne4 9. Qh3 f5 10. f3 Ng5 11. Qg3 Nf7 12. Nd2 Nc6 13. Nxc6 Bxc6 14. Bxd6 Qxd6
15. Qxd6 Nxd6 16. c4 dxc4 17. Nxc4 Nxc4 18. Bxc4 Bd5 19. Rac1 Rf7 20. Rc3 Bxc4
21. Rxc4 Rc8 22. Rfc1 Rd7 23. Kf2 Kf7 24. f4 Ke7 25. Rc6 Kf7 26. R1c3 Re7 27.
Ke2 Ke8 28. Kd3 Kd7 29. e4 fxe4+ 30. Kxe4 Rf7 31. g4 h5 32. h3 hxg4 33. hxg4
Rf6 34. Ke5 a5 35. d5 exd5 36. Rxf6 Re8+ 37. Kf5 gxf6 38. Kxf6 d4 39. Rd3 c5
40. f5 Kd6 41. Rd1 Rg8 42. g5 Rf8+ 43. Kg6 Rg8+ 44. Kh6 Ke5 45. f6 Ke6 46. Re1+
1-0

[Event "RA December op"]
[Site "Ottawa CAN"]
[Date "2018.12.08"]
[Round "3"]
[White "Xu, Daniel"]
[Black "Demchenko, Svitlana"]
[Result "0-1"]
[WhiteElo "2088"]
[BlackElo "2329"]
[PlyCount "78"]
[EventDate "2018.12.07"]
[EventType "swiss"]
[EventRounds "5"]
[EventCountry "CAN"]

1. d4 Nf6 2. c4 g6 3. Nc3 Bg7 4. e4 d6 5. f3 O-O 6. Be3 Nc6 7. Nge2 a6 8. Rc1
Rb8 9. Qd2 Bd7 10. Nd1 e5 11. d5 Ne7 12. b4 Ne8 13. Nb2 f5 14. Nc3 Nf6 15. Be2
f4 16. Bf2 g5 17. h3 Ng6 18. c5 Rf7 19. Nc4 Bf8 20. a3 Nh5 21. Na5 Be8 22. c6
b6 23. Nb7 Qf6 24. Bxa6 Ra8 25. Qd3 Ng3 26. Rg1 h5 27. Ne2 Bh6 28. Kd2 g4 29.
hxg4 hxg4 30. Bb5 Nh4 31. Ra1 Rg7 32. Kc2 gxf3 33. gxf3 Nxf3 34. Qxf3 Bh5 35.
Rxg3 Bxf3 36. Rxf3 Qg6 37. Bd3 Qg2 38. Ng1 Rg3 39. Bf1 Qh2 0-1

[Event "RA December op"]
[Site "Ottawa CAN"]
[Date "2018.12.09"]
[Round "4"]
[White "Demchenko, Svitlana"]
[Black "Upper, John"]
[Result "1-0"]
[WhiteElo "2329"]
[BlackElo "2212"]
[PlyCount "63"]
[EventDate "2018.12.07"]
[EventType "swiss"]
[EventRounds "5"]
[EventCountry "CAN"]

1. e4 c5 2. Nf3 g6 3. d4 cxd4 4. Nxd4 Bg7 5. c4 Nc6 6. Be3 Nf6 7. Nc3 d6 8. Be2
O-O 9. O-O Bd7 10. f3 Rc8 11. Qd2 Nxd4 12. Bxd4 Be6 13. b3 Nd7 14. Bxg7 Kxg7
15. Qd4+ Kg8 16. Qxa7 b6 17. Qa3 Qc7 18. Qb2 Ra8 19. Kh1 Rfc8 20. Qd2 Qc5 21.
f4 f6 22. Rf3 Qb4 23. f5 Bf7 24. fxg6 Bxg6 25. Qh6 e6 26. Rg3 Nf8 27. h4 Rc5
28. h5 Rg5 29. Rh3 Ra7 30. hxg6 hxg6 31. Qh8+ Kf7 32. Rf1 1-0

[Event "RA December op"]
[Site "Ottawa CAN"]
[Date "2018.12.09"]
[Round "4"]
[White "Sambuev, Bator"]
[Black "Gordon, David"]
[Result "1-0"]
[WhiteElo "2569"]
[BlackElo "2310"]
[PlyCount "99"]
[EventDate "2018.12.07"]
[EventType "swiss"]
[EventRounds "5"]
[EventCountry "CAN"]

1. g3 g6 2. Bg2 Bg7 3. d4 f5 4. Nc3 Nf6 5. Bg5 Nc6 6. Nf3 Ne4 7. Bf4 Nxc3 8.
bxc3 d6 9. d5 Bxc3+ 10. Bd2 Bxd2+ 11. Qxd2 Ne5 12. h4 e6 13. h5 Nxf3+ 14. Bxf3
Qf6 15. Rb1 e5 16. hxg6 hxg6 17. Qc3 Rxh1+ 18. Bxh1 Qd8 19. Kd2 b6 20. f4 exf4
21. gxf4 Bb7 22. Qg7 Qe7 23. Qxg6+ Qf7 24. Rg1 Qxg6 25. Rxg6 Kf7 26. Rg5 Kf6
27. Rh5 Kg6 28. Bf3 Rf8 29. c4 Ba6 30. Kc3 Re8 31. Kd4 b5 32. Rh1 Re7 33. c5 b4
34. cxd6 cxd6 35. e4 Rc7 36. Rg1+ Kf7 37. e5 Rc4+ 38. Ke3 Rc3+ 39. Kf2 dxe5 40.
fxe5 f4 41. Rg4 Rc2+ 42. Ke1 Bc4 43. Rxf4+ Ke7 44. Rh4 a5 45. Rh7+ Kd8 46. e6
Bb5 47. d6 Rc5 48. Rh8+ Be8 49. Bg4 Re5+ 50. Kf2 1-0

[Event "RA December op"]
[Site "Ottawa CAN"]
[Date "2018.12.09"]
[Round "4"]
[White "Yao, Houji"]
[Black "Xu, Daniel"]
[Result "1/2-1/2"]
[WhiteElo "2159"]
[BlackElo "2088"]
[PlyCount "81"]
[EventDate "2018.12.07"]
[EventType "swiss"]
[EventRounds "5"]
[EventCountry "CAN"]

1. e4 c5 2. Nf3 d6 3. d4 cxd4 4. Nxd4 Nf6 5. Nc3 a6 6. Be3 e5 7. Nb3 Be6 8. f3
Be7 9. Qd2 O-O 10. O-O-O Nbd7 11. g4 b5 12. g5 b4 13. Ne2 Ne8 14. f4 a5 15. f5
a4 16. Nbd4 exd4 17. Nxd4 b3 18. Kb1 bxc2+ 19. Nxc2 Bb3 20. axb3 axb3 21. Na3
Ne5 22. h4 Ra4 23. Rh3 Qa8 24. Qd5 Nc7 25. Qxa8 Rfxa8 26. Bb6 Ne8 27. Rxb3 Rb8
28. Ka2 Rxe4 29. Rd4 Re1 30. Bg2 f6 31. Bd5+ Kf8 32. Ba5 Rxb3 33. Bxe1 Rd3 34.
Rxd3 Nxd3 35. Bc3 fxg5 36. hxg5 Bxg5 37. b4 Bf6 38. Kb3 Bxc3 39. Kxc3 Nxb4 40.
Kxb4 g6 41. fxg6 1/2-1/2

[Event "RA December op"]
[Site "Ottawa CAN"]
[Date "2018.12.09"]
[Round "5"]
[White "Demchenko, Svitlana"]
[Black "Sambuev, Bator"]
[Result "1/2-1/2"]
[WhiteElo "2329"]
[BlackElo "2569"]
[PlyCount "111"]
[EventDate "2018.12.07"]
[EventType "swiss"]
[EventRounds "5"]
[EventCountry "CAN"]

1. e4 c5 2. Nf3 d6 3. d4 cxd4 4. Nxd4 Nf6 5. Nc3 g6 6. Be3 Bg7 7. f3 a6 8. Qd2
b5 9. O-O-O Bb7 10. g4 h5 11. g5 Nfd7 12. Kb1 O-O 13. Bd3 Nc5 14. Rhe1 Nbd7 15.
f4 b4 16. Nd5 e6 17. Nf6+ Bxf6 18. gxf6 Bxe4 19. Bxe4 Nxe4 20. Qg2 Nexf6 21.
Nxe6 fxe6 22. Qxg6+ Kh8 23. Bd4 e5 24. fxe5 dxe5 25. Bxe5 Nxe5 26. Qh6+ Nh7 27.
Rxd8 Raxd8 28. Qxh5 Nf3 29. Rc1 Rf6 30. b3 Rd4 31. Qe8+ Kg7 32. Qe7+ Rf7 33.
Qe6 Rf6 34. Qe7+ Kg6 35. Kb2 Nhg5 36. Qe8+ Kg7 37. Qe7+ Rf7 38. Qc5 Ne4 39. Qb6
Rf6 40. Qb7+ Kg6 41. Rf1 Neg5 42. Rf2 Re4 43. Rg2 Rfe6 44. Qa8 Kf5 45. Qf8+ Rf6
46. Qc8+ Rfe6 47. Qf8+ Ke5 48. Qc5+ Kf6 49. Qf8+ Nf7 50. Rf2 Rf4 51. Qa8 N7e5
52. Qf8+ Nf7 53. Qa8 N7e5 54. Qf8+ Nf7 55. Qa8 N7e5 56. Qf8+ 1/2-1/2

[Event "RA December op"]
[Site "Ottawa CAN"]
[Date "2018.12.09"]
[Round "5"]
[White "Gordon, David"]
[Black "Yao, Houji"]
[Result "1-0"]
[WhiteElo "2310"]
[BlackElo "2159"]
[PlyCount "131"]
[EventDate "2018.12.07"]
[EventType "swiss"]
[EventRounds "5"]
[EventCountry "CAN"]

1. d4 Nf6 2. Bg5 e6 3. e4 c5 4. d5 d6 5. Nc3 Be7 6. Bb5+ Bd7 7. dxe6 fxe6 8. e5
dxe5 9. Nf3 a6 10. Bxd7+ Nbxd7 11. Qe2 Qc7 12. O-O-O O-O 13. Rhe1 Rad8 14. Nxe5
Qxe5 15. Qxe5 Nxe5 16. Rxe5 Rxd1+ 17. Nxd1 Kf7 18. Re2 Rd8 19. Nc3 Rd7 20. Rd2
Ke8 21. f3 b6 22. a4 Bd6 23. g3 h6 24. Be3 Ke7 25. b3 Ke8 26. Bf2 Ke7 27. Nd1
Nd5 28. c4 Nb4 29. Nc3 Nc6 30. Ne4 Na5 31. Kc2 Nc6 32. f4 Rd8 33. Kc3 Rd7 34.
Be3 a5 35. g4 Bc7 36. Rxd7+ Kxd7 37. h4 Ke7 38. h5 Kf7 39. Kd3 Nb4+ 40. Kd2 Nc6
41. Ke2 Ke7 42. Kf3 Kf7 43. Nc3 Bd8 44. Nb5 Be7 45. Ke4 Nb4 46. Bd2 Nc6 47. Bc3
g6 48. Be5 g5 49. fxg5 Bxg5 50. Bc7 Bd8 51. Bf4 Kg7 52. Nd6 Bh4 53. Ne8+ Kf7
54. Nc7 Nd4 55. Bxh6 Nxb3 56. Be3 Be7 57. g5 Bf8 58. Ke5 Nd4 59. Bxd4 Bg7+ 60.
Ke4 cxd4 61. Na8 e5 62. Nxb6 Ke6 63. c5 Bf8 64. c6 Kd6 65. Nc4+ Kxc6 66. Nxe5+
1-0

[Event "RA December op"]
[Site "Ottawa CAN"]
[Date "2018.12.09"]
[Round "5"]
[White "Upper, John"]
[Black "Yang, Fan"]
[Result "0-1"]
[WhiteElo "2212"]
[BlackElo "2134"]
[PlyCount "133"]
[EventDate "2018.12.07"]
[EventType "swiss"]
[EventRounds "5"]
[EventCountry "CAN"]

1. c4 e5 2. Nc3 Nf6 3. Nf3 Nc6 4. e3 g6 5. d4 d6 6. dxe5 dxe5 7. Qxd8+ Kxd8 8.
Be2 Bg7 9. b3 Bd7 10. O-O h6 11. Rd1 Kc8 12. Bb2 Re8 13. a3 e4 14. Nd2 Bh8 15.
b4 Bf5 16. c5 Ne5 17. Nc4 Nfd7 18. Nd2 Nf6 19. h3 h5 20. Nb5 Nc6 21. Nc4 a6 22.
Nd4 Nxd4 23. Bxd4 Nd7 24. Bxh8 Rxh8 25. Rd4 Nf6 26. Rad1 Kb8 27. a4 Re8 28. Kh2
Be6 29. Kg3 g5 30. h4 gxh4+ 31. Kxh4 Rg8 32. Nb6 cxb6 33. cxb6 a5 34. b5 Kc8
35. Rc1+ Kb8 36. Rc7 Nd5 37. Rxd5 Bxd5 38. Bxh5 Bb3 39. Bxf7 Bxf7 40. Rxf7 Kc8
41. Rc7+ Kb8 42. g4 Rg6 43. Re7 Rxb6 44. Re8+ Ka7 45. Rxe4 Rd6 46. g5 Kb6 47.
f4 Kc7 48. f5 Rd5 49. g6 Rxf5 50. Kg4 Rd5 51. Rf4 Rg8 52. Rf7+ Kd6 53. g7 b6
54. e4 Rc5 55. Rb7 Rc7 56. e5+ Kd7 57. e6+ Kc8 58. Rxb6 Rc5 59. Ra6 Rxg7+ 60.
Kf4 Re7 61. Ke4 Kb7 62. Kd4 Rh5 63. Rd6 Kc7 64. Rc6+ Kb7 65. Rd6 Rg7 66. Ra6
Rg4+ 67. Kd3 0-1

[Event "RA December op"]
[Site "Ottawa CAN"]
[Date "2018.12.09"]
[Round "5"]
[White "Xu, Daniel"]
[Black "Dukic, Zachary"]
[Result "0-1"]
[WhiteElo "2088"]
[BlackElo "2331"]
[PlyCount "102"]
[EventDate "2018.12.07"]
[EventType "swiss"]
[EventRounds "5"]
[EventCountry "CAN"]

1. d4 Nf6 2. c4 g6 3. Nc3 Bg7 4. e4 d6 5. f3 O-O 6. Be3 c5 7. Nge2 Nc6 8. d5
Ne5 9. Ng3 Qa5 10. Be2 a6 11. O-O b5 12. cxb5 axb5 13. Bxb5 Ba6 14. Bxa6 Qxa6
15. Qe2 Nc4 16. Bf2 Nd7 17. Rfc1 Bh6 18. Rc2 Rfb8 19. Nd1 Nde5 20. Nf1 Na5 21.
Qxa6 Rxa6 22. b3 Rb4 23. Rb1 Nac4 24. Re2 Na3 25. Ra1 Nd3 26. Nde3 Nb5 27. Rd2
Nxf2 28. Kxf2 Rxb3 29. axb3 Rxa1 30. b4 cxb4 31. Rb2 Ra4 32. Nc2 Nc3 33. Kg3
Ra2 34. Rxa2 Nxa2 35. f4 Bg7 36. Nd2 Nc1 37. Kf3 b3 38. Na3 Bd4 39. Nab1 Kf8
40. Nc4 Nd3 41. Ncd2 Ne1+ 42. Kg3 b2 43. Nf3 Nxf3 44. Kxf3 e5 45. g3 f5 46.
fxe5 Bxe5 47. Ke3 Kf7 48. Kd3 Kf6 49. Ke3 Kg5 50. exf5 Kxf5 51. Kf3 Bd4 0-1